[Event "Int. Stuttgarter Stadtmeisterschaft A"]
[Site "Ditzingen"]
[Date "2014.05.30"]
[Round "3.33"]
[White "Pfeifer, Wilfried"]
[Black "Zeh, Dominik"]
[Result "0-1"]
[WhiteElo "2053"]
[BlackElo "1934"]
[PlyCount "76"]
[EventDate "2014.??.??"]
[WhiteTeam "TSF Ditzingen"]
[BlackTeam "Stuttgarter SF 1879"]

1. f4 d5 2. Nf3 Nf6 3. b3 g6 4. Bb2 Bg7 5. e3 O-O 6. Be2 c5 7. O-O Nc6 8. Ne5
Bd7 9. Bf3 Rc8 10. d3 e6 11. Qe2 Qe7 12. c4 Rfe8 13. Nd2 a6 14. Rac1 b5 15.
Nxd7 Nxd7 16. Bxg7 Kxg7 17. cxd5 exd5 18. Rfe1 Qd6 19. Nb1 Nb6 20. Qb2+ f6 21.
a3 d4 22. Bxc6 Rxc6 23. exd4 Rxe1+ 24. Rxe1 Qxd4+ 25. Qxd4 cxd4 26. Kf2 Nd5 27.
Kf3 Ne3 28. Re2 f5 29. b4 Rc1 30. Rb2 Kf6 31. Nd2 Rc3 32. Nb3 Rxd3 33. Ke2 Rc3
34. g3 Nc4 35. Rb1 d3+ 36. Ke1 Rc2 37. Nc5 Re2+ 38. Kf1 Nd2+ 0-1

[Event "Int. Stuttgarter Stadtmeisterschaft A"]
[Site "Ditzingen"]
[Date "2014.05.30"]
[Round "3.34"]
[White "Baumeister, Jürgen"]
[Black "Andreev, Vlad"]
[Result "1/2-1/2"]
[WhiteElo "1895"]
[BlackElo "2046"]
[PlyCount "147"]
[EventDate "2014.??.??"]
[WhiteTeam "SC Asperg"]
[BlackTeam "SF Pfullingen"]

1. Nc3 d5 2. e4 c6 3. Qf3 e6 4. d4 Nf6 5. Be3 Qa5 6. Bd3 b5 7. Bd2 b4 8. Nd1
dxe4 9. Bxe4 Nxe4 10. Qxe4 Qd5 11. f3 Qxe4+ 12. fxe4 Bb7 13. Nf3 c5 14. Nf2
cxd4 15. Nxd4 e5 16. Nf3 f6 17. Be3 Nd7 18. Rd1 Nc5 19. Nd2 Na4 20. Rb1 a5 21.
O-O Be7 22. Nh1 Kf7 23. Ng3 Rac8 24. Nb3 Rxc2 25. Nxa5 Ba6 26. Rf2 Rhc8 27.
Rxc2 Rxc2 28. Rc1 Rxc1+ 29. Bxc1 Bc5+ 30. Kh1 Bd3 31. Nb3 Bf2 32. Bd2 Bxg3 33.
hxg3 Bxe4 34. Bxb4 Nxb2 35. Nc5 Bc6 36. Kg1 f5 37. Bc3 Nc4 38. a4 f4 39. gxf4
exf4 40. a5 Ne3 41. Nd3 Bxg2 42. Nxf4 Be4 43. Bd4 Nf5 44. Bc5 g5 45. Ne2 h5 46.
Kh2 Ke6 47. Ng3 Nxg3 48. Kxg3 Kf5 49. Be7 Bb7 50. Bd8 h4+ 51. Kh2 Kg6 52. Bc7
Kh5 53. Kg1 g4 54. Kf2 Kg6 55. Bd6 Kf5 56. Bc7 Ke4 57. Bb8 Kd3 58. Bc7 Kc4 59.
Bb8 Kb5 60. Be5 Kxa5 61. Bd6 Kb5 62. Bb8 Kc4 63. Bc7 Kd5 64. Bb8 Ke4 65. Bc7
Ba6 66. Bd6 Bd3 67. Bb8 Bc2 68. Bc7 Bd1 69. Bb8 Bf3 70. Bc7 Kf5 71. Bb8 Bd5 72.
Bc7 g3+ 73. Bxg3 h3 74. Bh2 1/2-1/2

[Event "Int. Stuttgarter Stadtmeisterschaft A"]
[Site "Ditzingen"]
[Date "2014.05.30"]
[Round "3.35"]
[White "Altimira, Jordi"]
[Black "Willems, Sebastian"]
[Result "0-1"]
[WhiteElo "1866"]
[BlackElo "2006"]
[PlyCount "80"]
[EventDate "2014.??.??"]
[WhiteTeam "SV Rottweil"]
[BlackTeam "SC Böblingen 1975 e.V."]

1. d4 Nf6 2. c4 e6 3. g3 d5 4. Nf3 c6 5. Bg2 Bb4+ 6. Bd2 Bd6 7. c5 Bc7 8. Nc3
Nbd7 9. O-O O-O 10. e4 Nxe4 11. Nxe4 dxe4 12. Ng5 Nf6 13. Bc3 Qd5 14. f4 h6 15.
Nh3 b6 16. Nf2 bxc5 17. Re1 Rd8 18. Nxe4 Nxe4 19. Bxe4 Qd6 20. Qf3 cxd4 21.
Bxc6 Rb8 22. Red1 Bb6 23. Bd2 Ba6 24. Rac1 d3+ 25. Kh1 Rbc8 26. b4 Rxc6 27.
Rxc6 Bb7 28. b5 Qd4 29. h3 Qa4 30. Kh2 Qxa2 31. h4 Bxc6 32. bxc6 Qc2 33. Kh3
Rd5 34. Qg4 h5 35. Qf3 Qxc6 36. Rc1 Qd7 37. g4 e5 38. f5 hxg4+ 39. Qxg4 Rd4 40.
Qf3 Bd8 0-1

[Event "Int. Stuttgarter Stadtmeisterschaft A"]
[Site "Ditzingen"]
[Date "2014.05.30"]
[Round "3.36"]
[White "Santos, Paulo"]
[Black "Gentner, Markus"]
[Result "0-1"]
[WhiteElo "1837"]
[BlackElo "2002"]
[PlyCount "44"]
[EventDate "2014.??.??"]
[WhiteTeam "SC Lechhausen"]
[BlackTeam "SC Murrhardt 1948 e.V."]

1. e4 c6 2. d4 d5 3. f3 Qb6 4. Ne2 dxe4 5. fxe4 e5 6. Nbc3 Nf6 7. Qd3 exd4 8.
Nxd4 Bc5 9. Nb3 Bf2+ 10. Kd1 O-O 11. Bd2 Rd8 12. Qc4 Be6 13. Qa4 Bxb3 14. Qxb3
Rxd2+ 15. Kc1 Qxb3 16. axb3 Rd8 17. Bd3 Nbd7 18. Rf1 Be3+ 19. Kb1 Ne5 20. Rd1
Rd7 21. Ka2 Rad8 22. Be2 Bd4 0-1

[Event "Int. Stuttgarter Stadtmeisterschaft A"]
[Site "Ditzingen"]
[Date "2014.05.30"]
[Round "3.37"]
[White "Gheng, Simona"]
[Black "Wohlfahrt, Michael"]
[Result "0-1"]
[WhiteElo "1988"]
[BlackElo "1834"]
[PlyCount "152"]
[EventDate "2014.??.??"]
[WhiteTeam "TSV Schönaich"]
[BlackTeam "TSF Welzheim"]

1. e4 c5 2. c4 Nc6 3. g3 e5 4. Bg2 d6 5. Nc3 Nf6 6. d3 Be7 7. Nge2 O-O 8. O-O
Bg4 9. f3 Bd7 10. a3 Qc8 11. Rb1 Bh3 12. b4 Bxg2 13. Kxg2 b6 14. f4 Nd7 15. Nd5
Qd8 16. f5 Bg5 17. b5 Nd4 18. Nxd4 cxd4 19. f6 Bxf6 20. Nxf6+ gxf6 21. Bh6 Kh8
22. Bxf8 Qxf8 23. Qg4 Qe7 24. Rf5 Rg8 25. Qf3 Rg6 26. Rf1 Kg7 27. Rh5 Nc5 28.
Qe2 Ne6 29. Kh1 Kg8 30. Rhf5 Kg7 31. a4 Nc5 32. Qc2 Qd8 33. R5f3 Nd7 34. Qa2
Nc5 35. Ra1 Nb7 36. Qg2 Qc8 37. Rf5 Qd8 38. Qh3 Nc5 39. Rh5 h6 40. Ra3 Ne6 41.
Rf5 Qc7 42. Qf1 Nc5 43. Rf2 Nb7 44. Kg2 Qe7 45. Raa2 Qd8 46. Rf5 Nc5 47. Ra3
Qe7 48. a5 Ne6 49. axb6 axb6 50. Ra6 Qc7 51. Qa1 Nf4+ 52. Rxf4 exf4 53. Qxd4
fxg3 54. h4 Qd7 55. Qxb6 Qg4 56. Qe3 Qxh4 57. Qg1 Qf4 58. Ra2 h5 59. Qf1 Qe3
60. Qf3 Qd4 61. Kh3 Qg1 62. Qg2 Qd1 63. Re2 Qxd3 64. Rc2 Qd1 65. Re2 Qd4 66.
Rc2 f5 67. b6 Qxb6 68. exf5 Rg5 69. f6+ Kxf6 70. Qf3+ Kg6 71. Qe4+ Kh6 72. Rg2
Qc5 73. Rxg3 Qc8+ 74. Kh4 Rxg3 75. Qf4+ Kh7 76. Kxg3 Qg4+ 0-1

[Event "Int. Stuttgarter Stadtmeisterschaft A"]
[Site "Ditzingen"]
[Date "2014.05.30"]
[Round "3.38"]
[White "Einwiller, Dieter"]
[Black "Litfin, Boris"]
[Result "1-0"]
[WhiteElo "2146"]
[BlackElo "1925"]
[PlyCount "79"]
[EventDate "2014.??.??"]
[WhiteTeam "SF Pfullingen"]
[BlackTeam "SC Emmendingen 1937 e.V."]

1. d4 c5 2. e3 g6 3. Nf3 Bg7 4. c3 b6 5. dxc5 bxc5 6. Qd5 Nc6 7. Qxc5 Nf6 8.
Be2 Bb7 9. Nbd2 O-O 10. O-O d6 11. Qa3 Qd7 12. h3 Rfc8 13. Nd4 e5 14. Nxc6 Bxc6
15. Bf3 d5 16. Rd1 Qf5 17. Qa6 Bd7 18. e4 dxe4 19. Nxe4 Nxe4 20. Bxe4 Qxe4 21.
Rxd7 Qe1+ 22. Qf1 Qe4 23. Be3 Rab8 24. Qa6 Qc2 25. Rd2 Qe4 26. Rad1 h5 27. Rd7
Qc2 28. Bc1 e4 29. Qd6 Rb6 30. Qd2 Qa4 31. b3 Qa5 32. c4 Qf5 33. Qd5 Qf6 34.
Bg5 Qe6 35. Rxa7 Re8 36. Qxe6 Rbxe6 37. Rdd7 Be5 38. Rxf7 Rd6 39. Rfd7 Rd3 40.
Be3 1-0

[Event "Int. Stuttgarter Stadtmeisterschaft A"]
[Site "Ditzingen"]
[Date "2014.05.30"]
[Round "3.39"]
[White "Klaus, Daniel"]
[Black "Schuster, Gerhard"]
[Result "1/2-1/2"]
[WhiteElo "1921"]
[BlackElo "2045"]
[PlyCount "74"]
[EventDate "2014.??.??"]
[WhiteTeam "SF Möglingen 1976"]
[BlackTeam "SC Feuerbach e. V."]

1. e4 c6 2. d4 d5 3. Nc3 dxe4 4. Nxe4 Nf6 5. Ng5 h6 6. N5f3 Bf5 7. Bd3 e6 8.
Ne2 Bd6 9. O-O Bxd3 10. Qxd3 Qc7 11. c4 Nbd7 12. c5 Be7 13. Bf4 Qa5 14. b4 Qa6
15. Qxa6 bxa6 16. h3 Nd5 17. Bd2 Bf6 18. Ng3 Rb8 19. a3 O-O 20. Rfe1 a5 21. Ne4
a6 22. Nxf6+ N5xf6 23. Bf4 Rb5 24. Bd6 Rc8 25. bxa5 Nd5 26. Kf1 Nc3 27. Rec1
Nd5 28. Ke2 N7f6 29. Nd2 Ne8 30. Bg3 f6 31. Nc4 Rb3 32. Nd6 Rcb8 33. Kd2 Nec7
34. Nc4 R8b7 35. Bxc7 Nxc7 36. Nd6 Rb8 37. a4 e5 1/2-1/2

[Event "Int. Stuttgarter Stadtmeisterschaft A"]
[Site "Ditzingen"]
[Date "2014.05.30"]
[Round "3.40"]
[White "Schumann, Kai"]
[Black "Dölker, Kai"]
[Result "0-1"]
[WhiteElo "2044"]
[BlackElo "1907"]
[PlyCount "94"]
[EventDate "2014.??.??"]
[WhiteTeam "SG Königskinder Hohentübingen e."]
[BlackTeam "SV Stuttgart-Wolfbusch 1956 e.V."]

1. d4 Nf6 2. c4 e6 3. Nc3 Bb4 4. e3 O-O 5. Nge2 d5 6. a3 Be7 7. Nf4 c6 8. Bd3
Nbd7 9. cxd5 exd5 10. O-O Re8 11. b4 a6 12. Qb3 Nf8 13. a4 Bd7 14. Ba3 Ne6 15.
Nxe6 fxe6 16. b5 axb5 17. axb5 Rxa3 18. Rxa3 Bxa3 19. Qxa3 e5 20. Qa7 exd4 21.
Qxd4 Qa5 22. e4 c5 23. Qxc5 Rc8 24. Qd6 Qxc3 25. e5 Qxd3 26. exf6 Qf5 27. fxg7
Kxg7 28. h3 Bxb5 29. Re1 Re8 30. Rc1 Bc6 31. Rc3 Re1+ 32. Kh2 Qe5+ 33. Rg3+ Kf7
34. Qh6 d4 35. f4 Qh8 36. Qh5+ Ke7 37. Qc5+ Ke6 38. f5+ Kd7 39. Rd3 Re4 40. Rg3
Qe5 41. Qxe5 Rxe5 42. Rd3 Rxf5 43. Rxd4+ Ke6 44. Rd2 Ke5 45. g4 Rf3 46. h4 Kf4
47. g5 Kg4 0-1

[Event "Int. Stuttgarter Stadtmeisterschaft A"]
[Site "Ditzingen"]
[Date "2014.05.30"]
[Round "3.41"]
[White "Cummings, Nicolai"]
[Black "Schmidt, Markus"]
[Result "1-0"]
[WhiteElo "1957"]
[BlackElo "1904"]
[PlyCount "81"]
[EventDate "2014.??.??"]
[WhiteTeam "SC Ingersheim e.V."]
[BlackTeam "Stuttgarter SF 1879"]

1. d4 Nf6 2. c4 g6 3. Nc3 Bg7 4. e4 d6 5. Be2 O-O 6. Bg5 h6 7. Be3 e5 8. d5 Ne8
9. Qd2 Kh7 10. h4 f5 11. f3 f4 12. Bf2 Nd7 13. g4 c6 14. dxc6 bxc6 15. c5 Qc7
16. cxd6 Nxd6 17. Rc1 Qb8 18. Na4 Qc7 19. Qc3 Bb7 20. h5 g5 21. Kf1 Rfc8 22.
Kg2 a6 23. b3 Nb5 24. Qb2 Bf8 25. Nc5 Nxc5 26. Bxc5 Bxc5 27. Rxc5 Nd4 28. Nh3
a5 29. Rhc1 Ba6 30. Bxa6 Rxa6 31. Nf2 a4 32. Qa3 Qd6 33. bxa4 Rca8 34. Qb4 Rb8
35. Qc4 Ra7 36. Nd3 Rd7 37. Nxe5 Rb2+ 38. Kf1 Ne6 39. Nxd7 Qd2 40. Nf8+ Kh8 41.
Qc3+ 1-0

[Event "Int. Stuttgarter Stadtmeisterschaft A"]
[Site "Ditzingen"]
[Date "2014.05.30"]
[Round "3.42"]
[White "Marano, Salvatore"]
[Black "Engelhardt, Frank"]
[Result "1-0"]
[WhiteElo "1943"]
[BlackElo "1884"]
[PlyCount "105"]
[EventDate "2014.??.??"]
[BlackTeam "SC Schachmatt Botnang"]

1. e4 e5 2. Nc3 Nc6 3. g3 Nf6 4. Bg2 Bb4 5. Nge2 d6 6. h3 Be6 7. a3 Ba5 8. b4
Bb6 9. Na4 Qd7 10. Nxb6 axb6 11. Bb2 O-O 12. g4 b5 13. O-O d5 14. f3 Rfd8 15.
d3 d4 16. Qe1 g5 17. Rd1 b6 18. Bc1 h6 19. Qg3 Nh7 20. Bb2 f6 21. Ra1 Ne7 22.
h4 Ng6 23. h5 Nf4 24. Qf2 c5 25. Ng3 Ra4 26. bxc5 bxc5 27. Rfb1 c4 28. Bf1 c3
29. Bc1 Rda8 30. Qe1 b4 31. Nf5 Bxf5 32. exf5 bxa3 33. Qe4 Nd5 34. Be2 a2 35.
Rb3 Nf8 36. Bd1 Qc6 37. f4 Nd7 38. Bf3 R8a5 39. fxg5 hxg5 40. Bxg5 fxg5 41. Qe1
Qd6 42. Bxd5+ Qxd5 43. Qc1 e4 44. Qxg5+ Kf8 45. h6 Qe5 46. Qd8+ Kf7 47. Qxd7+
Qe7 48. Qc6 Ra6 49. Qd5+ Kf6 50. Rb7 Rd6 51. g5+ Kxg5 52. Qg8+ Kxf5 53. Rf1+
1-0

[Event "Int. Stuttgarter Stadtmeisterschaft A"]
[Site "Ditzingen"]
[Date "2014.05.30"]
[Round "3.43"]
[White "Streicher, Traugott"]
[Black "Fahnenschmidt, Gerhard"]
[Result "1-0"]
[WhiteElo "1920"]
[BlackElo "1988"]
[PlyCount "85"]
[EventDate "2014.??.??"]
[WhiteTeam "TSG Steinheim"]
[BlackTeam "VfL Sindelfingen"]

1. c4 c5 2. Nf3 Nc6 3. Nc3 g6 4. g3 Bg7 5. Bg2 Nh6 6. O-O O-O 7. a3 d6 8. d3
Bg4 9. Nd5 Qd7 10. Rb1 Nf5 11. b4 Nfd4 12. e3 Nxf3+ 13. Bxf3 Bxf3 14. Qxf3 Ne5
15. Qe2 e6 16. Nf4 Qc6 17. e4 g5 18. Nh5 f5 19. f4 fxe4 20. fxe5 exd3 21. Qxd3
Rxf1+ 22. Qxf1 Bxe5 23. Bb2 Rf8 24. Qe2 cxb4 25. Bxe5 Qc5+ 26. Kg2 dxe5 27.
axb4 Qc6+ 28. Kh3 Rf5 29. Rf1 Qd6 30. b5 Kf7 31. Rd1 Qc7 32. Qe4 Ke8 33. c5 Qf7
34. g4 Rf1 35. Rd3 Qc7 36. Rd6 Qxc5 37. Rxe6+ Kd7 38. Rxe5 Rf3+ 39. Ng3 Qf2 40.
Qxb7+ Kd8 41. Qb8+ Kd7 42. Qe8+ Kd6 43. Qe7# 1-0

[Event "Int. Stuttgarter Stadtmeisterschaft A"]
[Site "Ditzingen"]
[Date "2014.05.30"]
[Round "3.44"]
[White "Büter, Norbert"]
[Black "Recker, Martin"]
[Result "1/2-1/2"]
[WhiteElo "2049"]
[BlackElo "1858"]
[PlyCount "111"]
[EventDate "2014.??.??"]
[WhiteTeam "SpVgg Rommelshausen"]
[BlackTeam "SF Freiberg"]

1. d4 Nf6 2. c4 g6 3. Nc3 Bg7 4. e4 d6 5. f3 O-O 6. Be3 Nbd7 7. Bd3 c5 8. Nge2
cxd4 9. Nxd4 Nc5 10. Be2 Ne6 11. Nc2 Bd7 12. Qd2 a6 13. O-O Rc8 14. Rac1 Nc5
15. Rfd1 Na4 16. Nxa4 Bxa4 17. Qb4 Bxc2 18. Rxc2 Qc7 19. Rdc1 Nd7 20. Qd2 Rfd8
21. b3 Nc5 22. b4 Nd7 23. f4 a5 24. a3 axb4 25. axb4 Ra8 26. Ra2 Nb6 27. Rxa8
Rxa8 28. c5 dxc5 29. bxc5 Nd7 30. e5 Rc8 31. Qb4 e6 32. Bf3 Bf8 33. Qxb7 Bxc5
34. Qxc7 Rxc7 35. Kf1 Bb6 36. Rxc7 Bxc7 37. Bc6 Bb6 38. Ke2 Bxe3 39. Kxe3 Nb6
40. g4 Nc8 41. Kd4 Ne7 42. Kc5 Kf8 43. Bd7 h6 44. Kd6 Ng8 45. Bxe6 fxe6 46.
Kxe6 Ke8 47. f5 gxf5 48. gxf5 h5 49. Kd5 Kf7 50. Ke4 Ne7 51. Kf4 Nc6 52. h4 Ke7
53. Kg5 Nxe5 54. Kxh5 Kf6 55. Kh6 Nd7 56. Kh7 1/2-1/2

[Event "Int. Stuttgarter Stadtmeisterschaft A"]
[Site "Ditzingen"]
[Date "2014.05.30"]
[Round "3.45"]
[White "Auterhoff, Jürgen"]
[Black "Braun, Rüdiger-Thomas"]
[Result "1-0"]
[WhiteElo "1814"]
[BlackElo "1935"]
[PlyCount "97"]
[EventDate "2014.??.??"]
[WhiteTeam "SC Pasing von 1948 e.V."]
[BlackTeam "SF Birkenfeld"]

1. e4 c5 2. Nf3 d6 3. d4 cxd4 4. Nxd4 Nf6 5. Nc3 a6 6. Be2 e5 7. Nb3 Be6 8. O-O
Nbd7 9. f4 Qc7 10. fxe5 dxe5 11. Nd5 Qc6 12. Bf3 Rc8 13. c3 Qc4 14. Re1 Rd8 15.
Qe2 Qc6 16. Bg5 h6 17. Nxf6+ Nxf6 18. Bxf6 Bc4 19. Qc2 Qxf6 20. Rad1 Be7 21.
Rxd8+ Bxd8 22. Kh1 O-O 23. Rd1 Bb6 24. Nd2 Be6 25. c4 Rc8 26. b3 Bd4 27. Qd3
Qh4 28. Qe2 Qg5 29. Nf1 Qe7 30. Bg4 Rd8 31. Bxe6 Qxe6 32. Ne3 Re8 33. Nd5 Qg6
34. Qf3 b5 35. cxb5 axb5 36. Rf1 Bc5 37. b4 Bf8 38. Rc1 Ra8 39. a3 Qa6 40. Rf1
Ra7 41. Ra1 Qc6 42. Qd3 Ra8 43. h3 Rc8 44. Rf1 Qc4 45. Qf3 f6 46. Nb6 Qe6 47.
Nxc8 Qxc8 48. Qd3 Qc6 49. Qd5+ 1-0

[Event "Int. Stuttgarter Stadtmeisterschaft A"]
[Site "Ditzingen"]
[Date "2014.05.30"]
[Round "3.46"]
[White "Weißbeck, Simon"]
[Black "Florio, Antonio"]
[Result "1-0"]
[WhiteElo "1999"]
[BlackElo "1927"]
[PlyCount "47"]
[EventDate "2014.??.??"]
[WhiteTeam "Heilbronner SV"]
[BlackTeam "SV Besigheim"]

1. e4 c5 2. c3 d5 3. exd5 Qxd5 4. d4 cxd4 5. cxd4 Nc6 6. Nf3 Bg4 7. Be2 e6 8.
h3 Bf5 9. O-O Bxb1 10. Rxb1 Qxa2 11. Be3 Bd6 12. Nd2 Qa5 13. Qb3 Rb8 14. Nc4
Qc7 15. Qb5 Nge7 16. Qg5 Bh2+ 17. Kh1 Nf5 18. g3 Bxg3 19. fxg3 Qxg3 20. Rxf5
Qxh3+ 21. Kg1 Qxf5 22. Nd6+ Kd7 23. Nxf5 h5 24. d5 1-0

[Event "Int. Stuttgarter Stadtmeisterschaft A"]
[Site "Ditzingen"]
[Date "2014.05.30"]
[Round "4.2"]
[White "Perske, Thore"]
[Black "Ikonnikov, Vyacheslav"]
[Result "1/2-1/2"]
[WhiteElo "2219"]
[BlackElo "2570"]
[PlyCount "63"]
[EventDate "2014.??.??"]
[WhiteTeam "Sfr.Heidesheim"]
[BlackTeam "SF Bad Mergentheim"]

1. e4 c5 2. Nf3 Nc6 3. d4 cxd4 4. Nxd4 e5 5. Nb5 d6 6. N1c3 a6 7. Na3 Be7 8.
Nc4 b5 9. Ne3 Nf6 10. Bd3 Nb4 11. O-O O-O 12. Be2 Be6 13. a3 Nc6 14. Bd3 Nb8
15. Ncd5 Nbd7 16. c3 Nc5 17. Nxf6+ Bxf6 18. Bc2 a5 19. Nd5 a4 20. Nxf6+ Qxf6
21. Qxd6 Bb3 22. Qxf6 gxf6 23. Bxb3 Nxb3 24. Rb1 Rfd8 25. f3 Kg7 26. Be3 Nd2
27. Bxd2 Rxd2 28. Rf2 Rad8 29. Rbf1 Rxf2 30. Rxf2 Rd1+ 31. Rf1 Rd2 32. Rf2
1/2-1/2

[Event "Int. Stuttgarter Stadtmeisterschaft A"]
[Site "Ditzingen"]
[Date "2014.05.30"]
[Round "4.3"]
[White "Raupp, Thomas"]
[Black "Piskur, Mitja"]
[Result "1/2-1/2"]
[WhiteElo "2310"]
[BlackElo "2239"]
[PlyCount "76"]
[EventDate "2014.??.??"]
[WhiteTeam "SC Eppingen"]

1. d4 f5 2. g3 Nf6 3. Bg2 g6 4. Nf3 Bg7 5. O-O O-O 6. b3 Ne4 7. Bb2 d5 8. Ne5
Be6 9. e3 Nd7 10. f3 Nd6 11. Nd2 c6 12. Qe2 a5 13. a4 Nf7 14. Nd3 Nf6 15. Rad1
b6 16. c4 Bc8 17. e4 fxe4 18. fxe4 Bg4 19. Bf3 Bxf3 20. Rxf3 Ng5 21. Rff1 Nfxe4
22. Nxe4 Rxf1+ 23. Kxf1 Nxe4 24. Nf4 Qd7 25. cxd5 cxd5 26. Qb5 Qxb5+ 27. axb5
Bh6 28. Nxd5 e6 29. Nc3 Nxc3 30. Bxc3 Rc8 31. Rd3 Rd8 32. d5 Bg7 33. d6 Bxc3
34. Rxc3 Rxd6 35. Rc6 Rd3 36. Rxe6 Rxb3 37. Rxb6 a4 38. Ra6 Rxb5 1/2-1/2

[Event "Int. Stuttgarter Stadtmeisterschaft A"]
[Site "Ditzingen"]
[Date "2014.05.30"]
[Round "4.4"]
[White "Löhr, Markus"]
[Black "Schröder, Jan-Christian"]
[Result "1/2-1/2"]
[WhiteElo "2248"]
[BlackElo "2374"]
[PlyCount "30"]
[EventDate "2014.??.??"]
[WhiteTeam "SK Schmiden/Cannstatt"]
[BlackTeam "SV 1920 Hofheim"]

1. d4 d6 2. Nf3 Nf6 3. c4 g6 4. Nc3 Bg7 5. e4 O-O 6. Be2 e5 7. d5 Nbd7 8. Bg5
h6 9. Bh4 Qe7 10. Nd2 h5 11. Bg5 Qe8 12. O-O Nh7 13. Be3 a6 14. b4 h4 15. c5 f5
1/2-1/2

[Event "Int. Stuttgarter Stadtmeisterschaft A"]
[Site "Ditzingen"]
[Date "2014.05.30"]
[Round "4.5"]
[White "Gabriel, Josef"]
[Black "Neyman, Igor"]
[Result "0-1"]
[WhiteElo "2072"]
[BlackElo "2311"]
[PlyCount "196"]
[EventDate "2014.??.??"]
[WhiteTeam "Stuttgarter SF 1879"]
[BlackTeam "Stuttgarter SF 1879"]

1. e4 c5 2. Nf3 Nc6 3. Be2 g6 4. O-O Bg7 5. Re1 e6 6. d3 Nge7 7. c3 d5 8. Nbd2
O-O 9. Bf1 Qc7 10. Qe2 e5 11. h3 h6 12. a3 b6 13. b4 dxe4 14. dxe4 Be6 15. Bb2
Rfd8 16. Nc4 b5 17. Ne3 c4 18. Rad1 a5 19. Rxd8+ Rxd8 20. Rd1 axb4 21. axb4 f5
22. exf5 gxf5 23. Rxd8+ Qxd8 24. Nc2 Qd5 25. Ne3 Qd7 26. Qd2 Qxd2 27. Nxd2 Bf6
28. g4 Bg5 29. gxf5 Nxf5 30. Nexc4 bxc4 31. Nxc4 Bf4 32. b5 Nb8 33. Ba3 e4 34.
Bc5 Kf7 35. Na5 Bd2 36. Bb4 Nd4 37. Nc4 Nf3+ 38. Kh1 Bd5 39. Be2 Bf4 40. Ne3
Bxe3 41. fxe3 Nd2 42. Bd6 Nd7 43. Bg4 Be6 44. Bh5+ Kf6 45. Kg2 Bc4 46. Kg3 Bxb5
47. Kf4 Ke6 48. Bc7 Nf6 49. Bg4+ Nxg4 50. hxg4 Kf6 51. Bd8+ Ke6 52. c4 Bxc4 53.
Ba5 Nb3 54. Bb4 Bd5 55. Bf8 Nc1 56. Kg3 Kf6 57. Bxh6 Nd3 58. Bf8 Bb3 59. Bd6
Bd1 60. Bc7 Bf3 61. Bd8+ Kg6 62. Bc7 Nc5 63. Bd6 Nd7 64. Kf4 Nf6 65. Ke5 Nxg4+
66. Kd4 Kf5 67. Bc5 Nf2 68. Kc3 Kg4 69. Kd2 Kg3 70. Ba7 Kg2 71. Bb6 Ng4 72. Ba7
Kf2 73. Bb6 Nh2 74. Ba7 Nf1+ 75. Kc1 Ke2 76. Bc5 Nxe3 77. Be7 Kd3 78. Bg5 Nc4
79. Bh4 e3 80. Be1 Nd2 81. Bh4 Ne4 82. Be1 Nf2 83. Ba5 Kc4 84. Bb6 Nd3+ 85. Kc2
Nc5 86. Ba7 Be4+ 87. Kd1 Bd3 88. Ke1 e2 89. Kd2 Kd5 90. Bb6 Nb3+ 91. Ke1 Ke4
92. Bf2 Nd4 93. Bg3 Bb5 94. Kf2 Nc2 95. Kg1 Kf3 96. Bh4 e1=Q+ 97. Bxe1 Nxe1 98.
Kh2 Bd7 {Zeitüberschreitung} 0-1

[Event "Int. Stuttgarter Stadtmeisterschaft A"]
[Site "Ditzingen"]
[Date "2014.05.30"]
[Round "4.6"]
[White "Aring, Gerd"]
[Black "Koop, Thorben"]
[Result "0-1"]
[WhiteElo "2198"]
[BlackElo "2254"]
[PlyCount "96"]
[EventDate "2014.??.??"]
[WhiteTeam "SV Nürtingen 1920"]
[BlackTeam "SV Lingen"]

1. d4 Nf6 2. Nf3 g6 3. g3 Bg7 4. Bg2 O-O 5. O-O d5 6. Nbd2 Ne4 7. c3 c5 8. Nxe4
dxe4 9. Ne5 cxd4 10. cxd4 Qd5 11. Be3 Nd7 12. Qb3 Qxb3 13. axb3 Nxe5 14. dxe5
Bf5 15. Bd4 Rfd8 16. e3 Rd5 17. g4 Bxg4 18. Bxe4 Rb5 19. Bd3 Rxb3 20. Bc4 Rb4
21. Rfc1 Bf3 22. Bf1 f6 23. Rc4 Rxc4 24. Bxc4+ Kf8 25. Rxa7 Rc8 26. b3 b5 27.
Bxb5 Rc1+ 28. Bf1 fxe5 29. Ra1 Rxf1+ 30. Kxf1 exd4 31. exd4 Bxd4 32. Ra4 e5 33.
b4 Bc6 34. Ra2 Ke7 35. Rc2 Kd6 36. Ke2 e4 37. Kf1 h5 38. h3 g5 39. Kg1 h4 40.
Kh2 Bd7 41. Kg2 g4 42. hxg4 Bxg4 43. Rd2 Kd5 44. Ra2 Be5 45. Ra3 h3+ 46. Rxh3
Bxh3+ 47. Kxh3 Kd4 48. b5 Bc7 0-1

[Event "Int. Stuttgarter Stadtmeisterschaft A"]
[Site "Ditzingen"]
[Date "2014.05.30"]
[Round "4.7"]
[White "Gutman, Lev"]
[Black "Wettengel, Alexander"]
[Result "1-0"]
[WhiteElo "2453"]
[BlackElo "2089"]
[PlyCount "107"]
[EventDate "2014.??.??"]
[WhiteTeam "SV Lingen"]
[BlackTeam "Stuttgarter SF 1879"]

1. Nf3 Nc6 2. d4 d5 3. g3 Bf5 4. Bg2 e6 5. O-O Be7 6. c4 Nf6 7. cxd5 exd5 8.
Nc3 Ne4 9. Qb3 Nxc3 10. bxc3 Na5 11. Qa4+ c6 12. Nd2 b5 13. Qd1 O-O 14. e4 dxe4
15. Nxe4 Re8 16. Re1 Qd7 17. Bf4 Rad8 18. Nd2 Ba3 19. Rxe8+ Rxe8 20. Nb3 Nb7
21. Qd2 Be4 22. Bxe4 Rxe4 23. Be5 Qg4 24. Kg2 Qe2 25. Qg5 Rg4 26. Qf5 Qe4+ 27.
Qxe4 Rxe4 28. Kf3 f5 29. Nd2 Rg4 30. Rb1 Be7 31. a4 a6 32. Nf1 Bd6 33. axb5
axb5 34. Ra1 Bxe5 35. Ra8+ Kf7 36. Ra7 Ke6 37. Rxb7 Bf6 38. Rb6 Kd6 39. Ne3 Kc7
40. Ra6 Kb7 41. Ra1 Re4 42. Nxf5 Re6 43. Rb1 g6 44. Ne3 Bg5 45. c4 Bxe3 46.
fxe3 Ka6 47. cxb5+ cxb5 48. e4 Rf6+ 49. Ke3 Kb6 50. e5 Rf8 51. Rc1 b4 52. d5
Kb5 53. e6 Rf5 54. Kd4 1-0

[Event "Int. Stuttgarter Stadtmeisterschaft A"]
[Site "Ditzingen"]
[Date "2014.05.30"]
[Round "4.8"]
[White "Schulte, Torsten"]
[Black "Karpatchev, Aleksandr"]
[Result "0-1"]
[WhiteElo "2130"]
[BlackElo "2445"]
[PlyCount "38"]
[EventDate "2014.??.??"]
[WhiteTeam "SC Eppingen"]
[BlackTeam "SF Bad Mergentheim"]

1. d4 d5 2. Nf3 Nf6 3. Bf4 c5 4. e3 Nc6 5. c4 Bg4 6. Nc3 cxd4 7. exd4 Bxf3 8.
Qxf3 Nxd4 9. Qd1 dxc4 10. Bxc4 a6 11. O-O e6 12. Be3 Bc5 13. b4 Ba7 14. b5 O-O
15. bxa6 bxa6 16. Bxa6 Qa5 17. Bxd4 Rfd8 18. Bb7 Bxd4 19. Bxa8 Bxc3 0-1

[Event "Int. Stuttgarter Stadtmeisterschaft A"]
[Site "Ditzingen"]
[Date "2014.05.30"]
[Round "4.9"]
[White "Dobosz, Henryk"]
[Black "Schmidt, Olaf"]
[Result "0-1"]
[WhiteElo "2401"]
[BlackElo "2139"]
[PlyCount "114"]
[EventDate "2014.??.??"]
[WhiteTeam "BG Buchen"]
[BlackTeam "SC Böblingen 1975 e.V."]

1. d4 d6 2. e4 Nf6 3. Nc3 g6 4. f4 Bg7 5. Nf3 c5 6. dxc5 Qa5 7. Qd4 O-O 8. cxd6
Nc6 9. Qd2 exd6 10. Bd3 Qc5 11. Qf2 Qxf2+ 12. Kxf2 Nb4 13. h3 Nd7 14. Rd1 Nc5
15. Be3 Ncxd3+ 16. cxd3 f5 17. e5 g5 18. Nxg5 Nc2 19. d4 Nxa1 20. Rxa1 Bd7 21.
Rd1 Rfe8 22. Rd2 Rac8 23. Nf3 a5 24. Nd5 Rc6 25. a3 h6 26. Nc3 Rc4 27. exd6 Rc6
28. Nb5 Rb6 29. Nc7 Re4 30. Ne5 Rxd6 31. d5 b6 32. g3 h5 33. h4 Ba4 34. Na8 Bb3
35. Nc7 Ba4 36. Na8 Bxe5 37. fxe5 Rxe5 38. Nxb6 Rxe3 39. Nxa4 f4 40. gxf4 Re4
41. Nc3 Rxf4+ 42. Ke3 Rxh4 43. Ne4 Rd8 44. Rg2+ Kf7 45. Rf2+ Kg6 46. Nc3 Rg4
47. Rd2 Kf5 48. Rf2+ Ke5 49. Kd3 h4 50. Rf7 Rgg8 51. Re7+ Kf6 52. Re6+ Kf5 53.
Kd4 h3 54. Ne4 Rg6 55. Re5+ Kg4 56. Ke3 h2 57. Nf2+ Kg3 0-1

[Event "Int. Stuttgarter Stadtmeisterschaft A"]
[Site "Ditzingen"]
[Date "2014.05.30"]
[Round "4.10"]
[White "Jerie, Sven"]
[Black "Kabisch, Thilo"]
[Result "0-1"]
[WhiteElo "2091"]
[BlackElo "2261"]
[PlyCount "113"]
[EventDate "2014.??.??"]
[WhiteTeam "SG Ludwigsburg 1919"]
[BlackTeam "SK Schmiden/Cannstatt"]

1. e4 c5 2. Nf3 Nc6 3. d4 cxd4 4. Nxd4 e6 5. Nc3 Qc7 6. Be3 Nf6 7. f3 a6 8. Qd2
Be7 9. O-O-O d6 10. g4 Bd7 11. g5 Nh5 12. f4 h6 13. g6 fxg6 14. Qg2 g5 15. fxg5
hxg5 16. Bxg5 O-O-O 17. Be3 Ne5 18. Nb3 Rdf8 19. Be2 Nf4 20. Bxf4 Rxf4 21. Qxg7
Qd8 22. Qg1 Kb8 23. Kb1 Bc6 24. Qe3 Rfh4 25. h3 Qc7 26. Nd4 Bd7 27. Rdg1 Qc5
28. Qd2 Bf8 29. Nb3 Qb6 30. Rf1 Bh6 31. Qe1 Bf4 32. Bg4 Bg5 33. Rhg1 Be7 34.
Rg2 a5 35. a4 Qb4 36. Rd2 Bg5 37. Rd4 Qb6 38. Qd1 Be7 39. Ka2 Rc8 40. Kb1 Rh7
41. Qe2 Bh4 42. Rfd1 Be7 43. Nb5 Rc6 44. Qd2 Nxg4 45. hxg4 e5 46. Rd3 Bxg4 47.
Rf1 Rc4 48. Nxd6 Rxa4 49. Nf5 Bxf5 50. exf5 Rb4 51. Qc3 Bf6 52. Qc5 e4 53. Qf8+
Ka7 54. Rd5 Rxb3 55. cxb3 Rh2 56. Qc5 Rxb2+ 57. Kc1 {Rest unbekannt} 0-1